000 00231 a2200097 4500
001 29358
100 _aSander
245 _aTransmission and propagation of Electromagnetic Waves
260 _a
_bCambridge
_c
090 _c19585
_d19585
942 _aNUST-CAE
_cM
_c10652
999 _c264431
_d264431